000 01157cad a22002175a 4500
001 L147921
008 090701e20090519 d f s 000 0 eng d
035 _a(Sirsi) u147921
041 0 _aeng
110 2 _aEurostat
_91416
245 0 0 _aConstruction output down by 0.1% in the euro area
_h[electronic resource]
260 _c2008
490 0 _aEurostat News Release
_v(182/2008) 17 December 2008
520 _aReveals that seasonally adjusted production in the construction sector decreased by 0.1% in the euro area and by 2.1% in the EU27 in March 2009, compared to Feburary 2009. Compared with March 2008, output fell by 8.7% in the euro area, and by 10.5% in the EU27 in March 2009. Tables show monthly, quarterly, and annual variation in construction output. Other tables present monthly and quarterly production indices for total construction for individual member states.
590 _aKA
650 2 4 _aEUROSTAT MONTHLY CONSTRUCTION INDEX
651 4 _aEurope
690 _aBUILT ENVIRONMENT-CONSTRUCTION MARKET
856 4 0 _uhttps://epp.eurostat.ec.europa.eu
_zView the item free of charge at http://epp.eurostat.ec.europa.eu...
942 _n0
999 _c81676
_d81676